000
00239nam a2200097Ia 4500
001
689108
005
20250826161628.0
008
250824s9999 xx 000 0 und d
245
0
_a
KÜLTÜR VE DİL
_c
MEHMET KAPLAN
260
_b
DERGAH YAYINLARI
999
_c
689108
_d
689108